000 00839nac a22002651u 4500
008 090423t2005 ad f |||| 00| 0 eng d
020 _a812192457x
020 _a9788121924573
020 _a9788
082 0 4 _a624.1513
_bRAM
_222
100 1 _aRamamurthy ,T.N.
_94099
245 1 0 _aGeotechnical Engineering :
_bSoil Mechanics /
_cT.N. Ramamurthy ,T.G.Sitharam.
260 _aNew Delhi :
_bS.Chand and Company ,
_cc2005.
300 _a289p. :
_bill. ;
_c25cm.
504 _aIncludes Index.
590 _amustafa galal.
650 _aSoil mechanics.
_94100
_2BUEsh
650 _aRock mechanics.
_94101
_2BUEsh
650 _aRoads--Design and construction.
_94102
_2BUEsh
651 _2BUEsh
653 _bENGCHE
_cAugust2015
655 _vtext book
_933728
700 _aT.G.Sitharam.
_94103
942 _cBB
_k624.1513 RAM
_2ddc
999 _c2910
_d2910